Recurring Actors in James Bond Quiz Stats

 Plays Quiz not verified by Sporcle

Support Sporcle.
Go Orange.
Score 0/12 Timer 06:00
0 Plays Today
% Correct
Sean Connery as James Bond
97.9%
Daniel Craig as James Bond
96.2%
Roger Moore as James Bond
95.2%
Pierce Brosnan as James Bond
94.9%
Judi Dench as M
94.5%
Desmond Llewelyn as Q
58.3%
Samantha Bond as Miss Moneypenny
53.6%
Bernard Lee as M
49.9%
Lois Maxwell as Miss Moneypenny
49.4%
Robert Brown as M
27.3%
Walter Gotell as General Gogol
26.3%
Geoffrey Keen as Sir Fredrick Gray
16%

You're not logged in!

Compare scores with friends on all Sporcle quizzes.
OR
Log In

From the Vault

Disney Inception

by Hejman

We wouldn't really be surprised if Disney launched a new Inception reboot.
Remove Ads.
Support Sporcle.
Get the best of Sporcle when you Go Orange. This ad-free experience offers more features, more stats, and more fun while also helping to support Sporcle. Thank you for becoming a member.

Show Comments

Extras

Top Quizzes Today


Score Distribution

Your Account Isn't Verified!

In order to create a playlist on Sporcle, you need to verify the email address you used during registration. Go to your Sporcle Settings to finish the process.

Report this User

Report this user for behavior that violates our Community Guidelines.

Details: